[Event "Mestre Cipressina op-B 5th"]
[Site "Mestre"]
[Date "2016.11.27"]
[Round "4"]
[White "Feltrin, Francesco"]
[Black "Rizzo, Nicodemo"]
[Result "0-1"]
[WhiteElo "1533"]
[BlackElo "1564"]
[PlyCount "82"]
[EventDate "2016.11.25"]
[EventType "swiss"]
[EventRounds "5"]
[EventCountry "ITA"]
[SourceTitle "EXT 2022"]
[Source "ChessBase"]
[SourceDate "2021.10.06"]
[SourceVersion "1"]
[SourceVersionDate "2021.10.06"]
[SourceQuality "1"]

1. e4 e5 2. Nf3 Nc6 3. Bb5 d6 4. 0-0 Nf6 5. d4 Bd7 6. Re1 Nxd4 7. Bxd7+ Qxd7 8. Nxd4 exd4 9. Qxd4 Be7 10. Nc3 0-0 11. Bf4 Rfe8 12. Rad1 Qg4 13. Bg3 a6 14. h3 Qg6 15. Nd5 Nxd5 16. Qxd5 c6 17. Qd3 Rad8 18. c4 b5 19. cxb5 axb5 20. b3 d5 21. exd5 Qxd3 22. Rxd3 Rxd5 23. Rxd5 cxd5 24. Bd6 Kf8 25. Rxe7 Rxe7 26. Kf1 Ke8 27. Bxe7 Kxe7 28. a4 Kd6 29. Ke2 Kc5 30. axb5 Kxb5 31. Kd3 Kb4 32. Kd4 Kxb3 33. Kxd5 Kc3 34. f4 Kd3 35. f5 Ke3 36. Ke5 Kf2 37. g4 Kg3 38. g5 Kxh3 39. f6 gxf6+ 40. gxf6 Kg4 41. Ke4 h5 0-1